Central Library OPAC University of Rajshahi

Interpretation of documents / (Record no. 4651)

MARC details
000 -LEADER
fixed length control field 00712nam a2200241 a 4500
001 - CONTROL NUMBER
control field 4651
003 - CONTROL NUMBER IDENTIFIER
rucl marc code BD-RjUL
005 - DATE AND TIME OF LATEST TRANSACTION
control field 20211208233930.0
008 - FIXED-LENGTH DATA ELEMENTS--GENERAL INFORMATION
fixed length control field 160804s1946 enk 001 0 eng d
035 ## - SYSTEM CONTROL NUMBER
System control number (BD-RjUL)4686
040 ## - CATALOGING SOURCE
Original cataloging agency TXQ
Transcribing agency TXQ
Modifying agency EQO
-- BD-RjUL
Language of cataloging eng
041 ## - LANGUAGE CODE
Language code of text/sound track or separate title eng
082 04 - DEWEY DECIMAL CLASSIFICATION NUMBER
Edition number 23
Classification number 347.41064
Author mark and year BUI 1946
100 1# - MAIN ENTRY--PERSONAL NAME
Personal name Burrows, Roland,
Dates associated with a name 1882-
9 (RLIN) 14667
245 10 - TITLE STATEMENT
Title Interpretation of documents /
Statement of responsibility, etc. Roland Burrows.
250 ## - EDITION STATEMENT
Edition statement 2nd ed.
260 ## - PUBLICATION, DISTRIBUTION, ETC. (IMPRINT)
Place of publication, distribution, etc. London :
Name of publisher, distributor, etc. Butterworth & Co., ltd.,
Date of publication, distribution, etc. 1946.
300 ## - PHYSICAL DESCRIPTION
Pagination lxix, 121 p., 8 p. ;
Size 19 cm.
500 ## - GENERAL NOTE
General note Includes Index
650 #0 - SUBJECT ADDED ENTRY--TOPICAL TERM
Topical term or geographic name as entry element Legal documents
Geographic subdivision Great Britain
9 (RLIN) 14668
Topical term or geographic name as entry element Evidence (Law)
Geographic subdivision Great Britain.
9 (RLIN) 14138
942 ## - ADDED ENTRY ELEMENTS (KOHA)
Source of classification or shelving scheme Dewey Decimal Classification
Koha item type Books
Holdings
Lost status Source of classification or shelving scheme Damaged status Not for loan Collection code Permanent Location Current Location Shelving location Date acquired Source of acquisition Cost, normal purchase price Total Checkouts Full call number Date last seen Copy number Koha item type
  Dewey Decimal Classification     Non-fiction Central Library, University of Rajshahi Central Library, University of Rajshahi   05/08/1958 Mahmud Bross 11.11   347.41064 BUI 1946 23/12/2013 C-2 Books
  Dewey Decimal Classification     Non-fiction Central Library, University of Rajshahi Central Library, University of Rajshahi   13/12/1955 Allis 12.00   347.41064 BUI 1946 04/08/2016 C-3 Books